UITU Library & LRC     Book GIFs | Tenor

Supervised machine learning: optimization framework and applications with SAS and R (Record no. 17711)

MARC details
000 -LEADER
fixed length control field 00542nam a2200181Ia 4500
008 - FIXED-LENGTH DATA ELEMENTS--GENERAL INFORMATION
fixed length control field 230616s9999 xx 000 0 und d
020 ## - INTERNATIONAL STANDARD BOOK NUMBER
International Standard Book Number 9780367538828
082 ## - DEWEY DECIMAL CLASSIFICATION NUMBER
Classification number 006.31 KOL
100 ## - MAIN ENTRY--PERSONAL NAME
Personal name Kolosova, Tanya
245 #0 - TITLE STATEMENT
Title Supervised machine learning: optimization framework and applications with SAS and R
250 ## - EDITION STATEMENT
Edition statement .NA
260 ## - PUBLICATION, DISTRIBUTION, ETC.
Place of publication, distribution, etc. New York:
Name of publisher, distributor, etc. CRC Press,
Date of publication, distribution, etc. 2021
300 ## - PHYSICAL DESCRIPTION
Other physical details 160p.
Type of unit Original
520 ## - SUMMARY, ETC.
Summary, etc. Include Index
600 ## - SUBJECT ADDED ENTRY--PERSONAL NAME
Personal name 004 Computer Science
650 ## - SUBJECT ADDED ENTRY--TOPICAL TERM
Topical term or geographic name entry element Computer science, information & general works
942 ## - ADDED ENTRY ELEMENTS (KOHA)
Koha item type BOOKS
Holdings
Date last seen Total Checkouts Barcode Price effective from Koha item type Lost status Damaged status Not for loan Withdrawn status Home library Current library Date acquired Source of acquisition Cost, normal purchase price
06/16/2023   Q15717   BOOKS         UITU UITU 05/19/2023 BWI 10610.96